Riadenie obežného majetku vo vybranom rodinnom podniku bakalárska práca

Uložené v:
Podrobná bibliografia
Hlavný autor: Kuchar, Andrej
Korporativný autor: Fakulta podnikového manažmentu EU. Katedra podnikovohospodárska
Ďalší autori: Trúchliková, Mária, 1991-
Médium: Kniha
Jazyk:Slovak
Vydavateľské údaje: Bratislava 2023
Tagy: Pridať tag
Žiadne tagy, Buďte prvý, kto otaguje tento záznam!

MARC

LEADER 00000nbm a2200000 4500
001 0293690
005 20240416135549.1
041 0 |a slo 
044 |a SK 
245 1 0 |a Riadenie obežného majetku vo vybranom rodinnom podniku  |b bakalárska práca  |c Andrej Kuchar ; školiteľ: Mária Trúchliková 
264 1 |a Bratislava  |c 2023 
300 |a 48 s. 
100 1 |a Kuchar, Andrej 
700 1 |a Trúchliková, Mária, 1991- 
710 2 |a Fakulta podnikového manažmentu EU. Katedra podnikovohospodárska